000 01134nam a2200265 i 4500
001 131797
003 ES-MaACL
005 20260114102009.0
007 t|
008 070214s1911 sp 00110 spa d
100 1 _aRodríguez Marín, Francisco,
_d1855-1943
_998634
245 1 4 _aEl "Quijote" y Don Quijote en América :
_bconferencias leídas en el Centro de Cultura Hispano-Americana los días 10 y 17 de marzo de 1911 /
_cpor Francisco Rodríguez Marín.
246 3 _aDon Quijote en América
260 _aMadrid :
_bLibrería de los Sucesores de Hernando,
_c1911 (
_fImp. de Gaceta Administrativa)
300 _a118 p. ;
_c19 cm.
500 _aApéndice.
530 _aDisponible en formato digital.
600 1 4 _aCervantes Saavedra, Miguel de,
_d1547-1616.
_tDon Quijote de la Mancha
_937612
600 1 4 _aCervantes Saavedra, Miguel de,
_d1547-1616-
_xRecepción-
_zAmérica
_9170979
710 2 _aCentro de Cultura Hispano-Americana.
_92596
852 _aES-MaACL
_jD-2110
_cSVI
856 4 _uhttps://archive.org/details/elquijoteydonqui00rodr
_y(Internet Archive)
942 _2udc
999 _c131797
_d131797